| 000 | 01843nam a22004577a 4500 | ||
|---|---|---|---|
| 001 | 38840746 | ||
| 003 | OCoLC | ||
| 005 | 20241105175957.0 | ||
| 006 | m d | ||
| 007 | cr mnu-------- | ||
| 008 | 980324c19949999ne mx pss 0 0eng d | ||
| 010 | _a 2004233209 | ||
| 022 | _a0169-2607 | ||
| 040 |
_aOH1 _cOH1 _dOCL _dOCLCQ _dGUA _dOCLCQ _dYYE |
||
| 041 | _aeng | ||
| 042 | _alcd | ||
| 049 |
_aYYEG _aVZYM |
||
| 082 |
_a61 _bC-73 |
||
| 099 | _aINTERNET LINK | ||
| 130 | 0 | _aComputer methods and programs in biomedicine (Online) | |
| 245 | 1 | 0 |
_aComputer methods and programs in biomedicine _b/ An International Journal Devoted to the Development, Implementation and Exchange of Computing Methodology and Software Systems in Biomedical Research and Medical Practice _cVolume 44, No 3,4 pp. 141-270 |
| 260 |
_a[Amsterdam] : _bElsevier. _c1994 |
||
| 300 | _a129 p. | ||
| 310 | _a9 issues yearly. | ||
| 362 | 1 | _aBegan with v. 20, issue 1 (May 1985). | |
| 500 | _aDescription based on: Vol. 46, issue 1 (Jan. 1995); title from contents screen (ScienceDirect, viewed Feb. 10, 2004). | ||
| 500 | _aLatest issue consulted: Vol. 73, issue 2 (Feb. 2004), viewed Feb. 10, 2004. | ||
| 515 | _aSome issues combined. | ||
| 530 | _aAlso issued in print. | ||
| 538 | _aMode of access: World Wide Web. | ||
| 550 | _a"Affiliated to the British Medical Informatics Society," <2004-> | ||
| 650 | 2 |
_aComputers _vPeriodicals. |
|
| 650 | 0 |
_aMedicine _969 |
|
| 650 | 2 |
_aMedicine _vPeriodicals. |
|
| 653 | _aმედიცინა | ||
| 653 | _aსამედიცინო ჟურნალი | ||
| 710 | 2 | _aBritish Medical Informatics Society. | |
| 776 | 1 |
_tComputer methods and programs in biomedicine _x0169-2607 _w(DLC) 97641527 _w(OCoLC)12146309. |
|
| 780 | 0 | 0 | _tComputer programs in biomedicine. |
| 942 |
_2udc _cMP |
||
| 999 |
_c1117 _d1117 |
||